Top 15 Countries with Covid-19 Deaths - 25 August 2021 - Statistics

General Stats
  • This quiz has been taken 20 times
  • The average score is 13 of 25
Answer Stats
country % Correct
France
100%
Russia
100%
Spain
100%
United States
100%
Brazil
89%
United Kingdom
89%
Germany
84%
India
84%
Italy
84%
Argentina
68%
Mexico
68%
Colombia
47%
Indonesia
47%
Iran
47%
Belgium
32%
Czechia
32%
Bulgaria
26%
Croatia
26%
Hungary
26%
Peru
26%
North Macedonia
21%
Bosnia and Herzegovina
16%
Slovakia
16%
Slovenia
11%
Paraguay
5%
No matching quizzes found
Score Distribution
Percent of People with Each Score
Percentile by Number Answered
Your Score History
You have not taken this quiz